Le probleme de mathematiques au baccalaureat : classe de mathematiques elementaires
Αποθηκεύτηκε σε:
| Κύριος συγγραφέας: | |
|---|---|
| Άλλοι συγγραφείς: | |
| Μορφή: | Βιβλίο |
| Γλώσσα: | French |
| Δημοσίευση: |
Paris :
Magnard,
[1960]
|
| Θέματα: | |
| Ετικέτες: |
Προσθήκη ετικέτας
Δεν υπάρχουν, Καταχωρήστε ετικέτα πρώτοι!
|
MARC
| LEADER | 00000cam a2200000 a 4500 | ||
|---|---|---|---|
| 001 | 1/106720 | ||
| 008 | 150604s1960####fr | ||| |||| ||fre|| | ||
| 040 | |a GR-MyUa |b gre |c GR-MyUa |e AACR2 | ||
| 041 | 0 | |a fre | |
| 082 | 7 | |a 516.0076 |2 (23) | |
| 100 | 1 | |a Dedron, P. |q (Pierre) | |
| 245 | 1 | 2 | |a Le probleme de mathematiques au baccalaureat : |b classe de mathematiques elementaires / |c P. Dedron ; R. Multon. |
| 260 | |a Paris : |b Magnard, |c [1960] | ||
| 300 | |a 119 σ. : |b σχέδια ; |c 21 εκ. | ||
| 505 | 8 | |a τ.1. Geometrie - Cinematique. | |
| 650 | 0 | |a Geometry |x Problems, exercises, etc. | |
| 650 | 0 | |a Kinematics |x Problems, exercises, etc. | |
| 700 | 1 | |a Multon, Raymond. | |
| 740 | 0 | |a Geometrie - Cinematique. | |
| 852 | |a INST |b SAMOS |c MAG |e 20150604 |h 516.0076 DED |p 005300034955 |q 005300034955 |t BK |y 0 | ||
| 970 | |a Σιτζίμη |b Γιασεμή |z 04/06/2015 | ||